00647nam a2200133 a 4500008004100000050002700041110004100068245015400109260006100263300003300324362004500357650004400402650006700446180913s2014 ||||||||||||||||| || u aGOV.ZAM(058)AGAR/2014A aGovernment of the Republic of Zambia10aReport of the Auditor General for 2014 on the accounts of parastatal bodies and other statutory institutionscby Government of the Republic of Zambia aLusakabGovernment of the Republic of Zambia (GRZ)c2014 aii, 207 pages : illustration1 aFinancial Year Ended 31st December, 2014 aGOVERNMENT BUSINESS ENTERPRISES--ZAMBIA aGOVERNMENT BUSINESS ENTERPRISES--ZAMBIA--AUDITING--PERIODICALS